Optical Methods in Biology and Medicine: электронный курс
| Autor principal: | |
|---|---|
| Autor corporatiu: | |
| Sumari: | Заглавие с экрана The course "Optical Methods in Biology and Medicine" has been developed in support of the same discipline "Optical Methods in Biology and Medicine" and is devoted to the study of basic principles of light propagation and interaction with biological tissues, as well as optical devices for medical diagnostics and investigation of fundamental properties of bioobjects. In this course, the features of the functioning and application of physical methods of research, such as visual diagnostics, spectroscopy, and tomography are considered. Much attention in the course is paid to the practical application of optical methods and devices. Доступ по логину и паролю |
| Idioma: | anglès |
| Publicat: |
Томск, TPU Moodle, 2017
|
| Matèries: | |
| Accés en línia: | https://design.lms.tpu.ru/course/view.php?id=1951 |
| Format: | MixedMaterials Electrònic Llibre |
| KOHA link: | https://koha.lib.tpu.ru/cgi-bin/koha/opac-detail.pl?biblionumber=667184 |
MARC
| LEADER | 00000nlm0a2200000 4500 | ||
|---|---|---|---|
| 001 | 667184 | ||
| 005 | 20240209135839.0 | ||
| 035 | |a (RuTPU)RU\TPU\network\38389 | ||
| 035 | |a RU\TPU\network\17238 | ||
| 090 | |a 667184 | ||
| 100 | |a 20220301d2017 m y0rusy50 ba | ||
| 101 | 0 | |a eng | |
| 102 | |a RU | ||
| 105 | |a a j 000zy | ||
| 135 | |a jrcn ---uucaa | ||
| 181 | 0 | |a i | |
| 182 | 0 | |a b | |
| 200 | 1 | |a Optical Methods in Biology and Medicine |e электронный курс |f Ф. А. Губарев |g Национальный исследовательский Томский политехнический университет (ТПУ), Институт неразрушающего контроля (ИНК), Кафедра промышленной и медицинской электроники (ПМЭ) | |
| 203 | |a Текст |c электронный | ||
| 210 | |a Томск |c TPU Moodle |d 2017 | ||
| 300 | |a Заглавие с экрана | ||
| 330 | |a The course "Optical Methods in Biology and Medicine" has been developed in support of the same discipline "Optical Methods in Biology and Medicine" and is devoted to the study of basic principles of light propagation and interaction with biological tissues, as well as optical devices for medical diagnostics and investigation of fundamental properties of bioobjects. In this course, the features of the functioning and application of physical methods of research, such as visual diagnostics, spectroscopy, and tomography are considered. Much attention in the course is paid to the practical application of optical methods and devices. | ||
| 333 | |a Доступ по логину и паролю | ||
| 606 | 1 | |a Медицинская диагностика |2 stltpush |3 (RuTPU)RU\TPU\subj\41793 |9 61574 | |
| 606 | 1 | |a Биологические исследования |x Аппаратура |2 stltpush |3 (RuTPU)RU\TPU\subj\28680 |9 52190 | |
| 610 | 1 | |a электронный ресурс | |
| 610 | 1 | |a труды учёных ТПУ | |
| 610 | 1 | |a электронное обучение | |
| 610 | 1 | |a электронные курсы ТПУ | |
| 610 | 1 | |a электронные учебные пособия | |
| 610 | 1 | |a biomedical research | |
| 610 | 1 | |a non-invasive | |
| 610 | 1 | |a laser | |
| 610 | 1 | |a optical tomography | |
| 610 | 1 | |a microscopy | |
| 610 | 1 | |a spectroscopy | |
| 610 | 1 | |a fiber optics | |
| 610 | 1 | |a diagnostics | |
| 675 | |a 616-07(075.8) |v 4 | ||
| 675 | |a 57.08(075.8) |v 4 | ||
| 700 | 1 | |a Губарев |b Ф. А. |c специалист в области электроники |c доцент Томского политехнического университета, кандидат физико-математических наук |f 1979- |g Фёдор Александрович |3 (RuTPU)RU\TPU\pers\25668 |9 11579 | |
| 712 | 0 | 2 | |a Национальный исследовательский Томский политехнический университет (ТПУ) |b Институт неразрушающего контроля (ИНК) |b Кафедра промышленной и медицинской электроники (ПМЭ) |3 (RuTPU)RU\TPU\col\18719 |
| 801 | 2 | |a RU |b 63413507 |c 20220808 |g RCR | |
| 856 | 4 | |u https://design.lms.tpu.ru/course/view.php?id=1951 | |
| 942 | |c CF | ||